000 00576nam a2200217Ia 4500
008 210210b2016 xxu||||| |||| 00| 0 eng d
020 _a9789351507345
041 _aeng
082 _a519.5 VEET
100 _aVEERARAGHAVAN (Vimala)
245 _aTextbook of parametric and nonparametric statistics
260 _aNew Delhi
_bSage Publications
_c2016
300 _axxi,382
650 _aTextbook
650 _astatistics
650 _aparametric
650 _anonparametric
690 _aMathematical Statistics
700 _aSHETGOVEKAR (Suhas)
906 _a071919
999 _c121786
_d121786